LEADER 00826nam a2200205 i 4500 001 000000166051 003 CaOOAMICUS 005 20071105000000.0 008 071105s1919 it u000 u ita u 013 $a143419 040 $aSeMil$bita 100 1 $aColombo, Giacobbe.$0(OLS)http://semarc/name/62603 245 13$aIl drago rosso :$bmostruoso tergemino aborto /$cGiacobbe Colombo. 260 $aMilano :$bL. F. Cogliati,$c1919. 300 $a158, III p. ;$c20 cm. 650 4$aPoesia italiana - Sec. 20. - Testi.$0(OLS)http://semarc/subject/1280 850 $aSeMil 852 $aSeMil$W1$xVenegono$y1$m1O II 52$j117222$B117222$CSeMilBibl$Z2$F128028 $81 996 $6245$aIl drago rosso :$bmostruoso tergemino aborto$9(OLS)http://semarc/title/237136 996 $6260$aMilano :$bL. F. Cogliati$9(OLS)http://semarc/publisher/29949 LEADER 01006nam a2200205 i 4500 001 000000247107 003 CaOOAMICUS 005 20151215000000.0 008 151215s1704 xx u000 u fre u 013 $a226012 026 $ae-n- lee, onns sico (3) 1704 (R) 040 $aSeMil$bita 245 10$aTome 2. Contenant le mois de Février. 300 $aXL, 754, [8] p. 773 0 $aBaillet, Adrien <1649-1706>$tVies des saints, composées sur ce qui nous est resté de plus authentique & de plus assuré dans leur histoire, disposées selon l'ordre des calendries & des martyrologes. Avec l'histoire de leur culte ... et l'histoire des autres festes de l'année.$dA Paris : Chez Jean de Nully, ruë Saint Jacques, à l'Image Saint Pierre, 1704.$g2$w()4830 850 $aSeMil 852 $aSeMil$W1$xVenegono$y1$m3J II 2 FA$j197453$B197453$CSeMilBibl$Z2$F208559 $8I 941 1 $a10 961 $aRecupero: Mantegazza 996 $6245$aTome 2. Contenant le mois de Février$9(OLS)http://semarc/title/349001 LEADER 00750nam a2200205 i 4500 001 000000003339 003 CaOOAMICUS 005 20250924122808.0 008 180830s1992 it u000 u ita u 040 $aSeMil$bita 245 13$aLo spazio letterario del Medioevo. 260 $aRoma :$bSalerno,$ccopyr. 1992. 300 $av. ;$c25 cm. 650 4$aLetteratura medievale.$0(OLS)http://semarc/subject/53651 774 0 $tMedioevo latino.$gSezione 1.$w()1171 774 0 $tMedioevo volgare.$gSezione 2.$w()3424 774 0 $tCulture circostanti.$gSezione 3.$w()10256 996 $6245$aLo spazio letterario del Medioevo$9(OLS)http://semarc/title/5712 996 $6260$aRoma :$bSalerno$9(OLS)http://semarc/publisher/30165